Program odpadového hospodárstva diplomová práca

Guardado en:
Detalles Bibliográficos
Autor principal: Muchová, Eva
Autor Corporativo: Podnikovohospodárska fakulta EU so sídlom v Košiciach. Katedra ekonómie
Otros Autores: Podolcová, Marta
Formato: Libro
Lenguaje:eslovaco
Publicado: Košice 2009
Etiquetas: Agregar Etiqueta
Sin Etiquetas, Sea el primero en etiquetar este registro!

MARC

LEADER 00000nam$a2200000$$$4500
001 0098813
005 20240827092913.0
041 0 |a slo 
044 |a SK 
245 1 0 |a Program odpadového hospodárstva  |b diplomová práca  |c Eva Muchová ; škol. Marta Podolcová 
264 1 |a Košice  |c 2009 
300 |a 91 s. 
100 1 |a Muchová, Eva 
700 1 |a Podolcová, Marta 
710 2 |a Podnikovohospodárska fakulta EU so sídlom v Košiciach. Katedra ekonómie